[Event "9 Round Open"]
[Site "Enniscrone, Sligo, IE"]
[Date "2026.02.08"]
[Round "9"]
[White "Alvarez Jimenez, Alfonso"]
[Black "Ashbrooke, Monika"]
[Result "1-0"]
[Board "15"]
[WhiteFideId "2297418"]
[BlackFideId "15600262"]
[BlackTitle "WCM"]
[WhiteElo "1868"]
[BlackElo "1628"]
[WhiteTeam "ESP"]
[BlackTeam "JCI"]
[WhiteClock "0:31:06"]
[BlackClock "0:02:23"]
[Variant "Standard"]

1. d4 {[%clk 1:27:50]}  e6 {[%clk 1:30:53]} 2. c4 {[%clk 1:28:13]}  f5 {[%clk 1:30:59]} 3. Nc3 {[%clk 1:28:25]}  Nf6 {[%clk 1:31:21]} 4. Nf3 {[%clk 1:28:48]}  Bb4 {[%clk 1:31:31]} 5. g3 {[%clk 1:29:07]}  O-O {[%clk 1:31:54]} 6. Bg2 {[%clk 1:29:29]}  d6 {[%clk 1:31:37]} 7. O-O {[%clk 1:29:26]}  Bxc3 {[%clk 1:32:02]} 8. bxc3 {[%clk 1:29:49]}  c5 {[%clk 1:31:21]} 9. a4 {[%clk 1:29:31]}  a5 {[%clk 1:31:25]} 10. Rb1 {[%clk 1:26:15]}  Nbd7 {[%clk 1:30:41]} 11. Ng5 {[%clk 1:26:03]}  Qe7 {[%clk 1:26:53]} 12. d5 {[%clk 1:25:16]}  e5 {[%clk 1:23:01]} 13. Ne6 {[%clk 1:25:10]}  Rf7 {[%clk 1:22:32]} 14. f3 {[%clk 1:23:15]}  h6 {[%clk 1:20:33]} 15. Nc7 {[%clk 1:21:17]}  Rb8 {[%clk 1:18:55]} 16. e4 {[%clk 1:17:43]}  Nf8 {[%clk 1:13:45]} 17. Nb5 {[%clk 1:16:23]}  N6h7 {[%clk 1:04:45]} 18. Be3 {[%clk 1:07:18]}  fxe4 {[%clk 0:53:07]} 19. fxe4 {[%clk 1:07:04]}  Rxf1+ {[%clk 0:53:25]} 20. Qxf1 {[%clk 1:05:57]}  b6 {[%clk 0:44:16]} 21. Qf2 {[%clk 1:03:05]}  Bd7 {[%clk 0:43:58]} 22. Bd2 {[%clk 0:59:59]}  Ng6 {[%clk 0:42:52]} 23. Qe2 {[%clk 0:59:32]}  Nf6 {[%clk 0:39:41]} 24. h3 {[%clk 0:59:16]}  Rf8 {[%clk 0:39:15]} 25. Kh2 {[%clk 0:56:48]}  Ne8 {[%clk 0:36:17]} 26. Bf3 {[%clk 0:55:34]}  Rf6 {[%clk 0:35:02]} 27. Be3 {[%clk 0:55:06]}  Qd8 {[%clk 0:30:37]} 28. Bg4 {[%clk 0:53:09]}  Bxg4 {[%clk 0:28:30]} 29. Qxg4 {[%clk 0:52:29]}  Kh7 {[%clk 0:27:21]} 30. Na7 {[%clk 0:49:34]}  Ne7 {[%clk 0:26:40]} 31. Kg2 {[%clk 0:49:14]}  Rg6 {[%clk 0:25:43]} 32. Qh4 {[%clk 0:45:59]}  Qc7 {[%clk 0:23:10]} 33. Nb5 {[%clk 0:45:31]}  Qd7 {[%clk 0:22:08]} 34. g4 {[%clk 0:44:32]}  Nc8 {[%clk 0:16:35]} 35. Rf1 {[%clk 0:38:48]}  Nf6 {[%clk 0:12:34]} 36. g5 {[%clk 0:36:43]}  Qe7 {[%clk 0:11:12]} 37. Kh2 {[%clk 0:36:20]}  Nd7 {[%clk 0:07:39]} 38. Rf5 {[%clk 0:34:40]}  Kg8 {[%clk 0:07:03]} 39. Qh5 {[%clk 0:34:17]}  Kh7 {[%clk 0:04:35]} 40. h4 {[%clk 0:34:35]}  Nf8 {[%clk 0:04:11]} 41. Qf3 {[%clk 0:34:51]}  hxg5 {[%clk 0:02:50]} 42. hxg5 {[%clk 0:33:37]}  Kg8 {[%clk 0:03:04]} 43. Qh5 {[%clk 0:30:17]}  Qd7 {[%clk 0:02:22]} 44. Rxf8+ {[%clk 0:30:23]}  Kxf8 {[%clk 0:02:37]} 45. Qxg6 {[%clk 0:30:45]}  Qg4 {[%clk 0:02:23]} 46. Qf5+ {[%clk 0:31:06]} 1-0

[Event "9 Round Open"]
[Site "Enniscrone, Sligo, IE"]
[Date "2026.02.08"]
[Round "9"]
[White "Risteski, Emil"]
[Black "Saine, Zachary"]
[Result "1-0"]
[Board "16"]
[WhiteFideId "15005267"]
[BlackFideId "2624346"]
[WhiteTitle "IM"]
[WhiteElo "2410"]
[BlackElo "2149"]
[WhiteTeam "MKD"]
[BlackTeam "CAN"]
[WhiteClock "0:59:07"]
[BlackClock "0:48:07"]
[Variant "Standard"]

1. e4 {[%clk 1:29:34]}  e6 {[%clk 1:30:53]} 2. d3 {[%clk 1:30:00]}  d5 {[%clk 1:31:18]} 3. Qe2 {[%clk 1:30:26]}  dxe4 {[%clk 1:30:19]} 4. dxe4 {[%clk 1:30:44]}  e5 {[%clk 1:30:34]} 5. Bd2 {[%clk 1:30:20]}  Nc6 {[%clk 1:30:12]} 6. Nc3 {[%clk 1:29:24]}  Nd4 {[%clk 1:24:46]} 7. Qd3 {[%clk 1:29:34]}  Be6 {[%clk 1:24:37]} 8. O-O-O {[%clk 1:28:45]}  Qf6 {[%clk 1:18:47]} 9. Nf3 {[%clk 1:20:15]}  c6 {[%clk 0:58:17]} 10. Bg5 {[%clk 1:16:58]}  Qg6 {[%clk 0:57:31]} 11. Be3 {[%clk 1:02:02]}  Nxf3 {[%clk 0:53:29]} 12. gxf3 {[%clk 1:01:42]}  Be7 {[%clk 0:52:45]} 13. Nb5 {[%clk 0:58:29]}  Rd8 {[%clk 0:47:20]} 14. Nc7+ {[%clk 0:58:41]}  Kf8 {[%clk 0:47:44]} 15. Qxd8+ {[%clk 0:58:44]}  Bxd8 {[%clk 0:48:07]} 16. Bc5+ {[%clk 0:59:07]} 1-0

[Event "9 Round Open"]
[Site "Enniscrone, Sligo, IE"]
[Date "2026.02.08"]
[Round "9"]
[White "Konig, Jon"]
[Black "Bienko, Jagoda"]
[Result "0-1"]
[Board "17"]
[WhiteFideId "343468780"]
[BlackFideId "1194569"]
[WhiteElo "1661"]
[BlackElo "1803"]
[WhiteTeam "ENG"]
[BlackTeam "AUT"]
[WhiteClock "0:26:00"]
[BlackClock "0:50:46"]
[Variant "Standard"]

1. e4 {[%clk 1:30:58]}  c5 {[%clk 1:30:53]} 2. g3 {[%clk 1:31:21]}  Nc6 {[%clk 1:30:57]} 3. Bg2 {[%clk 1:31:45]}  g6 {[%clk 1:30:48]} 4. Ne2 {[%clk 1:32:09]}  Bg7 {[%clk 1:31:11]} 5. O-O {[%clk 1:32:33]}  Nf6 {[%clk 1:30:44]} 6. c3 {[%clk 1:32:49]}  d5 {[%clk 1:30:22]} 7. exd5 {[%clk 1:32:54]}  Nxd5 {[%clk 1:30:46]} 8. d4 {[%clk 1:30:51]}  cxd4 {[%clk 1:30:44]} 9. Nxd4 {[%clk 1:30:54]}  Nxd4 {[%clk 1:30:43]} 10. cxd4 {[%clk 1:31:22]}  O-O {[%clk 1:30:52]} 11. Nc3 {[%clk 1:31:03]}  Be6 {[%clk 1:21:19]} 12. Be3 {[%clk 1:03:27]}  Nxe3 {[%clk 1:18:04]} 13. fxe3 {[%clk 1:03:55]}  Rc8 {[%clk 1:08:36]} 14. Rc1 {[%clk 0:57:59]}  Qd7 {[%clk 1:02:39]} 15. Qd2 {[%clk 0:57:23]}  Rfd8 {[%clk 1:00:47]} 16. b3 {[%clk 0:50:29]}  Bh3 {[%clk 0:59:31]} 17. Qf2 {[%clk 0:48:46]}  Rf8 {[%clk 0:58:36]} 18. Bxh3 {[%clk 0:47:50]}  Qxh3 {[%clk 0:58:59]} 19. Nd5 {[%clk 0:45:46]}  Qe6 {[%clk 0:57:44]} 20. Nc3 {[%clk 0:36:45]}  Bh6 {[%clk 0:57:10]} 21. Rfe1 {[%clk 0:36:56]}  b5 {[%clk 0:55:13]} 22. Qf3 {[%clk 0:31:38]}  Rfd8 {[%clk 0:51:59]} 23. Rc2 {[%clk 0:27:53]}  b4 {[%clk 0:51:43]} 24. d5 {[%clk 0:26:34]}  Qe5 {[%clk 0:50:58]} 25. Rf2 {[%clk 0:25:37]}  bxc3 {[%clk 0:50:23]} 26. Qxf7+ {[%clk 0:26:00]}  Kh8 {[%clk 0:50:46]} 0-1

[Event "9 Round Open"]
[Site "Enniscrone, Sligo, IE"]
[Date "2026.02.08"]
[Round "9"]
[White "Salmin, Vitaliy"]
[Black "Mabhena, Vladimir"]
[Result "0-1"]
[Board "18"]
[WhiteFideId "34147885"]
[BlackFideId "2519143"]
[WhiteElo "1802"]
[BlackElo "1546"]
[WhiteTeam "IRL"]
[BlackTeam "IRL"]
[WhiteClock "0:03:54"]
[BlackClock "0:10:01"]
[Variant "Standard"]

1. e4 {[%clk 1:17:23]}  c5 {[%clk 1:30:53]} 2. d4 {[%clk 1:17:49]}  cxd4 {[%clk 1:31:17]} 3. c3 {[%clk 1:18:17]}  dxc3 {[%clk 1:31:28]} 4. Nxc3 {[%clk 1:18:42]}  e6 {[%clk 1:31:32]} 5. Nf3 {[%clk 1:19:07]}  Nc6 {[%clk 1:31:50]} 6. Bc4 {[%clk 1:19:32]}  a6 {[%clk 1:31:22]} 7. O-O {[%clk 1:19:54]}  Nge7 {[%clk 1:31:23]} 8. Nd5 {[%clk 1:19:07]}  Ng6 {[%clk 1:26:01]} 9. Re1 {[%clk 1:13:04]}  Bc5 {[%clk 1:24:41]} 10. b4 {[%clk 1:09:14]}  Nxb4 {[%clk 1:21:20]} 11. Rb1 {[%clk 0:29:59]}  Nc6 {[%clk 1:20:54]} 12. h4 {[%clk 0:22:09]}  O-O {[%clk 1:18:01]} 13. h5 {[%clk 0:12:50]}  Nge5 {[%clk 1:09:00]} 14. Ne3 {[%clk 0:08:17]}  Bxe3 {[%clk 1:04:57]} 15. Bxe3 {[%clk 0:06:04]}  Nxc4 {[%clk 1:05:15]} 16. Bc5 {[%clk 0:06:25]}  d6 {[%clk 1:02:40]} 17. Qc2 {[%clk 0:06:21]}  dxc5 {[%clk 1:01:56]} 18. Qxc4 {[%clk 0:05:21]}  b6 {[%clk 0:54:16]} 19. e5 {[%clk 0:04:51]}  Bb7 {[%clk 0:49:01]} 20. Qg4 {[%clk 0:03:48]}  h6 {[%clk 0:47:07]} 21. Red1 {[%clk 0:03:27]}  Qc7 {[%clk 0:46:44]} 22. Re1 {[%clk 0:01:12]}  Ne7 {[%clk 0:45:32]} 23. Nd2 {[%clk 0:00:54]}  Rad8 {[%clk 0:45:24]} 24. Nf1 {[%clk 0:00:41]}  Rd4 {[%clk 0:45:22]} 25. Qh3 {[%clk 0:00:48]}  Re4 {[%clk 0:40:17]} 26. Rxe4 {[%clk 0:00:47]}  Bxe4 {[%clk 0:40:36]} 27. Re1 {[%clk 0:01:08]}  Bb7 {[%clk 0:39:59]} 28. Nd2 {[%clk 0:01:00]}  Nd5 {[%clk 0:39:25]} 29. Nc4 {[%clk 0:01:01]}  Nf4 {[%clk 0:38:58]} 30. Qg4 {[%clk 0:01:27]}  Nxg2 {[%clk 0:36:53]} 31. Rc1 {[%clk 0:01:10]}  Rd8 {[%clk 0:36:34]} 32. Nd6 {[%clk 0:01:03]}  Ba8 {[%clk 0:36:00]} 33. Rc3 {[%clk 0:01:23]}  Kh7 {[%clk 0:31:00]} 34. Rg3 {[%clk 0:01:35]}  Rg8 {[%clk 0:30:48]} 35. f4 {[%clk 0:00:50]}  c4 {[%clk 0:30:04]} 36. Kh2 {[%clk 0:00:37]}  c3 {[%clk 0:21:37]} 37. Ne8 {[%clk 0:00:41]}  Qc4 {[%clk 0:17:33]} 38. Nd6 {[%clk 0:00:40]}  Qxf4 {[%clk 0:14:49]} 39. Qg6+ {[%clk 0:00:35]}  fxg6 {[%clk 0:14:16]} 40. hxg6+ {[%clk 0:01:03]}  Kh8 {[%clk 0:13:40]} 41. Nf7+ {[%clk 0:01:32]}  Qxf7 {[%clk 0:13:54]} 42. gxf7 {[%clk 0:02:01]}  Rf8 {[%clk 0:14:06]} 43. Rxc3 {[%clk 0:02:24]}  g5 {[%clk 0:12:59]} 44. Rc7 {[%clk 0:02:53]}  Kg7 {[%clk 0:13:00]} 45. Ra7 {[%clk 0:03:07]}  Rxf7 {[%clk 0:12:29]} 46. Rxa8 {[%clk 0:03:36]}  Ne3 {[%clk 0:11:45]} 47. Rxa6 {[%clk 0:04:04]}  Nd5 {[%clk 0:11:08]} 48. Ra8 {[%clk 0:04:33]}  Rf5 {[%clk 0:10:27]} 49. Kg3 {[%clk 0:04:46]}  Rxe5 {[%clk 0:10:25]} 50. Ra7+ {[%clk 0:05:08]}  Kg6 {[%clk 0:09:39]} 51. Ra8 {[%clk 0:05:30]}  Re3+ {[%clk 0:09:18]} 52. Kg2 {[%clk 0:05:45]}  b5 {[%clk 0:09:13]} 53. Ra5 {[%clk 0:05:35]}  b4 {[%clk 0:09:30]} 54. Ra8 {[%clk 0:05:54]}  Ra3 {[%clk 0:09:46]} 55. Re8 {[%clk 0:06:03]}  Nf4+ {[%clk 0:09:47]} 56. Kg1 {[%clk 0:06:06]}  Rxa2 {[%clk 0:10:05]} 57. Rg8+ {[%clk 0:05:19]}  Kh5 {[%clk 0:10:24]} 58. Rd8 {[%clk 0:05:35]}  b3 {[%clk 0:10:32]} 59. Rd1 {[%clk 0:05:02]}  b2 {[%clk 0:10:47]} 60. Kh2 {[%clk 0:04:42]}  Ra1 {[%clk 0:10:58]} 61. Rd2 {[%clk 0:03:19]}  b1=Q {[%clk 0:10:54]} 62. Kg3 {[%clk 0:03:46]}  Qe1+ {[%clk 0:10:43]} 63. Rf2 {[%clk 0:03:55]}  Ra3+ {[%clk 0:10:01]} 64. Kh2 {[%clk 0:03:54]}  Rh3# {[%clk 0:10:01]} 0-1